书目信息 |
| 书名: | A History of civilization | |
| 作者: | Robin W. Winks ... [et al.]. | |
| 分册号: | ||
| 分册名: | 出版地: | Englewood Cliffs, N.J. : |
|
| 出版社: | Prentice Hall | |
| 出版时间: | 1992. | |
| 页数: | ||
| 开本: | 29 cm. | |
| 丛书名: | ||
| 中图分类号: | ||
| 科图分类号: | ||
| 其他分类号: | B824 | |
| 主题词: | ||
| 电子资源: | ||
| 000 | 00796pam 2200253 a 4500 | |
| 001 | E0754470520 | |
| 005 | 20070322152325.45 | |
| 008 | 0103121992 njua b 001 0 eng | |
| 010 | @a 91025076 | |
| 020 | @a0-13-393174-9. | |
| 040 | @aDLC@cDLC@dDLC | |
| 050 | 00 | @aCB69@b.H58 1992d |
| 082 | 00 | @a909 @2 20 |
| 090 | @aB824 | |
| 092 | @aCN@b外院06.1-132 | |
| 099 | @dB824@ex4=8 | |
| 245 | 02 | @aA History of civilization :@bVolume B: 1300 to 1815 / @cRobin W. Winks ... [et al.]. |
| 250 | @a8th ed. | |
| 260 | 0 | @aEnglewood Cliffs, N.J. :@bPrentice Hall,@c1992. |
| 300 | @bill. (some col.) ;@c29 cm. | |
| 500 | @a"The combined volume"--Cover. | |
| 504 | @aIncludes bibliographical references and index. | |
| 650 | 0 | @aCivilization@xHistory. |
| 700 | 10 | @aWinks, Robin W. |
| A History of civilization : : Volume B: 1300 to 1815 / / Robin W. Winks ... [et al.].-8th ed.-Englewood Cliffs, N.J. : : Prentice Hall, , 1992. |
| ill. (some col.) ; ; 29 cm. |
| "The combined volume"--Cover.-Includes bibliographical references and index. |
| ISBN 0-13-393174-9. |
| ● |
| 相关链接 |
|
|
|
|
正题名:History of civilization
索取号:B824/x4=8
 
预约/预借
| 序号 | 登录号 | 条形码 | 馆藏地/架位号 | 状态 | 备注 |
| 1 | 185283 | 300037788 | 第四借阅区/ [索取号:B824/x4=8] | 在馆 | |
| 2 | 185284 | 300037779 | 第二样本阅览室/ [索取号:B824/x4=8] | 在馆 |